| 000 | 00335nam a22001457a 4500 | ||
|---|---|---|---|
| 999 |
_c524141 _d524141 |
||
| 020 | _a0-07-009990-1 | ||
| 040 | _cNUST | ||
| 082 |
_a553.7 _bCAR |
||
| 100 |
_aCaro, Paul _914967 |
||
| 245 |
_aWater / _cPaul Caro |
||
| 260 |
_aNew York : _bMcGraw-Hill, _c1992. |
||
| 300 |
_a155 p. ; _c20 cm. |
||
| 500 | _aPaperback | ||
| 942 |
_2ddc _cBK |
||